<?xml version="1.0" encoding="UTF-8"?>
<record
    xmlns:xsi="http://www.w3.org/2001/XMLSchema-instance"
    xsi:schemaLocation="http://www.loc.gov/MARC21/slim http://www.loc.gov/standards/marcxml/schema/MARC21slim.xsd"
    xmlns="http://www.loc.gov/MARC21/slim">

  <leader>02403nam a2200517 u 4500</leader>
  <controlfield tag="001">6844</controlfield>
  <controlfield tag="003">CO-MdUADB</controlfield>
  <controlfield tag="005">20260428104254.0</controlfield>
  <controlfield tag="007">ta</controlfield>
  <controlfield tag="008">951109s1995                        spa  </controlfield>
  <datafield tag="020" ind1=" " ind2=" ">
    <subfield code="a">8448117700</subfield>
  </datafield>
  <datafield tag="020" ind1=" " ind2=" ">
    <subfield code="a">9788448117689</subfield>
  </datafield>
  <datafield tag="035" ind1=" " ind2=" ">
    <subfield code="a">6844</subfield>
  </datafield>
  <datafield tag="035" ind1=" " ind2=" ">
    <subfield code="a">(OCoLC)733686078</subfield>
  </datafield>
  <datafield tag="040" ind1=" " ind2=" ">
    <subfield code="a">CO-MdUADB</subfield>
    <subfield code="b">spa</subfield>
    <subfield code="c">CO-MdUADB</subfield>
    <subfield code="e">rda</subfield>
  </datafield>
  <datafield tag="041" ind1=" " ind2=" ">
    <subfield code="a">spa</subfield>
  </datafield>
  <datafield tag="082" ind1=" " ind2="4">
    <subfield code="a">515</subfield>
  </datafield>
  <datafield tag="100" ind1="1" ind2="0">
    <subfield code="a">Larson, Roland E.,</subfield>
    <subfield code="d">1941-</subfield>
    <subfield code="4">aut</subfield>
    <subfield code="e">aut</subfield>
    <subfield code="9">311788</subfield>
  </datafield>
  <datafield tag="245" ind1="1" ind2="0">
    <subfield code="a">C&#xE1;lculo y geometr&#xED;a anal&#xED;tica. Volumen 1</subfield>
  </datafield>
  <datafield tag="250" ind1=" " ind2=" ">
    <subfield code="a">5. edici&#xF3;n</subfield>
  </datafield>
  <datafield tag="264" ind1=" " ind2="1">
    <subfield code="a">Barcelona :</subfield>
    <subfield code="b">McGraw-Hill Interamericana,</subfield>
    <subfield code="c">1995</subfield>
  </datafield>
  <datafield tag="300" ind1=" " ind2=" ">
    <subfield code="a">2 vol&#xFA;menes (xvii, 770 p&#xE1;ginas volumen 1;) :</subfield>
    <subfield code="b">ilustraciones.</subfield>
  </datafield>
  <datafield tag="336" ind1=" " ind2=" ">
    <subfield code="2">rdacontent</subfield>
    <subfield code="a">texto</subfield>
    <subfield code="b">txt</subfield>
  </datafield>
  <datafield tag="337" ind1=" " ind2=" ">
    <subfield code="2">rdamedia</subfield>
    <subfield code="a">no mediado</subfield>
    <subfield code="b">n</subfield>
  </datafield>
  <datafield tag="338" ind1=" " ind2=" ">
    <subfield code="2">rdacarrier</subfield>
    <subfield code="a">volumen</subfield>
    <subfield code="b">nc</subfield>
  </datafield>
  <datafield tag="505" ind1=" " ind2=" ">
    <subfield code="a">CONTENIDO : Volumen 1. -- 1: Plano cartesiano: Funciones. -- 2: Limites y sus propiedades. -- 3: Derivaci&#xF3;n. -- 4: Aplicaciones de la derivaci&#xF3;n. -- 5: Integraci&#xF3;n. -- 6: Aplicaciones de la integraci&#xF3;n. -- 7: Funciones logar&#xED;tmicas y exponenciales. -- 8: Funciones trigonom&#xE9;tricas y sus inversas. --- 9: T&#xE9;cnicas de integraci&#xF3;n: Integrales impropias. -- 10: Series infinitas. -- Volumen 2. -- 1: C&#xF3;nicas. -- 12: Curvas en el plano, ecuaciones param&#xE9;tricas y coordenadas polares. -- 13: Vectores y curvas en el plano. -- 14: Geometr&#xED;as anal&#xED;tica y vectores en el espacio. -- 15: Funciones de varias variables. -- 16: Integraci&#xF3;n m&#xFA;ltiple. -- 17: An&#xE1;lisis vectorial. -- 18: Ecuaciones diferenciales.</subfield>
  </datafield>
  <datafield tag="650" ind1=" " ind2="7">
    <subfield code="a">C&#xE1;lculo</subfield>
    <subfield code="2">lemb</subfield>
    <subfield code="9">43718</subfield>
  </datafield>
  <datafield tag="650" ind1=" " ind2="7">
    <subfield code="a">Derivadas (Matem&#xE1;ticas)</subfield>
    <subfield code="2">lemb</subfield>
    <subfield code="9">68735</subfield>
  </datafield>
  <datafield tag="650" ind1=" " ind2="7">
    <subfield code="a">N&#xFA;meros reales</subfield>
    <subfield code="2">lemb</subfield>
    <subfield code="9">15104</subfield>
  </datafield>
  <datafield tag="650" ind1=" " ind2=" ">
    <subfield code="a">Integraci&#xF3;n</subfield>
    <subfield code="9">23455</subfield>
  </datafield>
  <datafield tag="650" ind1=" " ind2="7">
    <subfield code="a">Funciones exponenciales</subfield>
    <subfield code="2">lemb</subfield>
    <subfield code="9">4841</subfield>
  </datafield>
  <datafield tag="650" ind1=" " ind2="7">
    <subfield code="a">Funciones trigonom&#xE9;tricas</subfield>
    <subfield code="2">lemb</subfield>
    <subfield code="9">173161</subfield>
  </datafield>
  <datafield tag="650" ind1=" " ind2="7">
    <subfield code="a">Integrales</subfield>
    <subfield code="2">lemb</subfield>
    <subfield code="9">690</subfield>
  </datafield>
  <datafield tag="650" ind1=" " ind2="7">
    <subfield code="a">Series infinitas</subfield>
    <subfield code="2">lemb</subfield>
    <subfield code="9">33853</subfield>
  </datafield>
  <datafield tag="650" ind1=" " ind2=" ">
    <subfield code="a">Vectores</subfield>
    <subfield code="9">6930</subfield>
  </datafield>
  <datafield tag="650" ind1=" " ind2="7">
    <subfield code="a">Curvas algebraicas</subfield>
    <subfield code="2">lemb</subfield>
    <subfield code="9">45063</subfield>
  </datafield>
  <datafield tag="650" ind1=" " ind2="7">
    <subfield code="a">Geometr&#xED;a anal&#xED;tica</subfield>
    <subfield code="2">lemb</subfield>
    <subfield code="9">4691</subfield>
  </datafield>
  <datafield tag="650" ind1=" " ind2="7">
    <subfield code="a">Coordenadas</subfield>
    <subfield code="2">lemb</subfield>
    <subfield code="9">3233</subfield>
  </datafield>
  <datafield tag="650" ind1=" " ind2="7">
    <subfield code="a">Funciones de variable compleja</subfield>
    <subfield code="2">lemb</subfield>
    <subfield code="9">12341</subfield>
  </datafield>
  <datafield tag="650" ind1=" " ind2="7">
    <subfield code="a">An&#xE1;lisis vectorial</subfield>
    <subfield code="2">lemb</subfield>
    <subfield code="9">688</subfield>
  </datafield>
  <datafield tag="650" ind1=" " ind2="7">
    <subfield code="a">Ecuaciones diferenciales</subfield>
    <subfield code="2">lemb</subfield>
    <subfield code="9">4620</subfield>
  </datafield>
  <datafield tag="650" ind1=" " ind2="7">
    <subfield code="a">C&#xE1;lculo</subfield>
    <subfield code="2">lemb</subfield>
    <subfield code="9">43718</subfield>
  </datafield>
  <datafield tag="700" ind1="1" ind2="0">
    <subfield code="a">Edwards, Bruce H.,</subfield>
    <subfield code="d">1946-</subfield>
    <subfield code="4">aut</subfield>
    <subfield code="e">aut</subfield>
    <subfield code="9">469627</subfield>
  </datafield>
  <datafield tag="700" ind1="1" ind2="0">
    <subfield code="a">Hostetler, Robert P.</subfield>
    <subfield code="4">aut</subfield>
    <subfield code="e">aut</subfield>
    <subfield code="9">238071</subfield>
  </datafield>
  <datafield tag="942" ind1=" " ind2=" ">
    <subfield code="c">BOOK</subfield>
    <subfield code="2">ddc</subfield>
  </datafield>
  <datafield tag="999" ind1=" " ind2=" ">
    <subfield code="c">3287</subfield>
    <subfield code="d">3287</subfield>
  </datafield>
  <datafield tag="952" ind1=" " ind2=" ">
    <subfield code="0">0</subfield>
    <subfield code="1">0</subfield>
    <subfield code="4">0</subfield>
    <subfield code="7">0</subfield>
    <subfield code="8">GEN</subfield>
    <subfield code="a">BC</subfield>
    <subfield code="b">BC</subfield>
    <subfield code="d">1999-02-09</subfield>
    <subfield code="i">C7840</subfield>
    <subfield code="l">0</subfield>
    <subfield code="o">515.15 L334cal v1</subfield>
    <subfield code="p">61000000898516</subfield>
    <subfield code="r">2025-03-25 09:21:39</subfield>
    <subfield code="t">1</subfield>
    <subfield code="w">2023-04-20</subfield>
    <subfield code="y">BOOK</subfield>
  </datafield>
  <datafield tag="952" ind1=" " ind2=" ">
    <subfield code="0">0</subfield>
    <subfield code="1">0</subfield>
    <subfield code="4">0</subfield>
    <subfield code="7">0</subfield>
    <subfield code="8">GEN</subfield>
    <subfield code="a">BC</subfield>
    <subfield code="b">BC</subfield>
    <subfield code="d">1998-12-01</subfield>
    <subfield code="i">C7843</subfield>
    <subfield code="l">0</subfield>
    <subfield code="o">515.15 L334cal v1 e4</subfield>
    <subfield code="p">61000003771579</subfield>
    <subfield code="r">2024-12-04 00:00:00</subfield>
    <subfield code="t">2</subfield>
    <subfield code="w">2023-04-20</subfield>
    <subfield code="y">BOOKI</subfield>
  </datafield>
  <datafield tag="952" ind1=" " ind2=" ">
    <subfield code="0">0</subfield>
    <subfield code="1">0</subfield>
    <subfield code="4">0</subfield>
    <subfield code="7">0</subfield>
    <subfield code="8">GEN</subfield>
    <subfield code="a">BC</subfield>
    <subfield code="b">BC</subfield>
    <subfield code="d">1997-08-29</subfield>
    <subfield code="i">C7844</subfield>
    <subfield code="l">0</subfield>
    <subfield code="o">515.15 L334cal v1 e5</subfield>
    <subfield code="p">6-10000003220016</subfield>
    <subfield code="r">2024-11-19 00:00:00</subfield>
    <subfield code="t">3</subfield>
    <subfield code="w">2023-04-20</subfield>
    <subfield code="y">BOOK</subfield>
  </datafield>
  <datafield tag="952" ind1=" " ind2=" ">
    <subfield code="0">0</subfield>
    <subfield code="1">0</subfield>
    <subfield code="4">0</subfield>
    <subfield code="7">0</subfield>
    <subfield code="8">GEN</subfield>
    <subfield code="a">BC</subfield>
    <subfield code="b">BC</subfield>
    <subfield code="d">1998-10-03</subfield>
    <subfield code="i">C164436</subfield>
    <subfield code="l">1</subfield>
    <subfield code="m">1</subfield>
    <subfield code="o">515.15 L334cal v1 e13</subfield>
    <subfield code="p">61000002094767</subfield>
    <subfield code="r">2025-02-17 11:29:04</subfield>
    <subfield code="s">2024-09-04</subfield>
    <subfield code="t">4</subfield>
    <subfield code="w">2023-04-20</subfield>
    <subfield code="y">BOOK</subfield>
  </datafield>
  <datafield tag="952" ind1=" " ind2=" ">
    <subfield code="0">0</subfield>
    <subfield code="1">0</subfield>
    <subfield code="4">0</subfield>
    <subfield code="7">0</subfield>
    <subfield code="8">GEN</subfield>
    <subfield code="a">BC</subfield>
    <subfield code="b">BC</subfield>
    <subfield code="d">1997-08-29</subfield>
    <subfield code="i">C7845</subfield>
    <subfield code="l">0</subfield>
    <subfield code="o">515.15 L334cal v1 e6</subfield>
    <subfield code="p">61000000279600</subfield>
    <subfield code="r">2025-11-06 10:54:47</subfield>
    <subfield code="t">5</subfield>
    <subfield code="w">2023-04-20</subfield>
    <subfield code="y">BOOKI</subfield>
  </datafield>
  <datafield tag="952" ind1=" " ind2=" ">
    <subfield code="0">0</subfield>
    <subfield code="1">0</subfield>
    <subfield code="4">0</subfield>
    <subfield code="7">0</subfield>
    <subfield code="8">GENERAL</subfield>
    <subfield code="a">ANDES</subfield>
    <subfield code="b">ANDES</subfield>
    <subfield code="d">2008-02-29</subfield>
    <subfield code="i">C991594</subfield>
    <subfield code="l">0</subfield>
    <subfield code="o">515.15 L334 1995 v1</subfield>
    <subfield code="p">6-10000003237670</subfield>
    <subfield code="r">2023-04-20 00:00:00</subfield>
    <subfield code="t">6</subfield>
    <subfield code="w">2023-04-20</subfield>
    <subfield code="y">BOOK</subfield>
  </datafield>
  <datafield tag="952" ind1=" " ind2=" ">
    <subfield code="0">0</subfield>
    <subfield code="1">0</subfield>
    <subfield code="4">0</subfield>
    <subfield code="7">0</subfield>
    <subfield code="8">GEN</subfield>
    <subfield code="a">BC</subfield>
    <subfield code="b">BC</subfield>
    <subfield code="d">1997-10-03</subfield>
    <subfield code="i">C7847</subfield>
    <subfield code="l">0</subfield>
    <subfield code="o">515.15 L334cal v1 e8</subfield>
    <subfield code="p">61000001782610</subfield>
    <subfield code="r">2024-11-06 00:00:00</subfield>
    <subfield code="t">7</subfield>
    <subfield code="w">2023-04-20</subfield>
    <subfield code="y">BOOK</subfield>
  </datafield>
  <datafield tag="952" ind1=" " ind2=" ">
    <subfield code="0">0</subfield>
    <subfield code="1">0</subfield>
    <subfield code="4">0</subfield>
    <subfield code="7">0</subfield>
    <subfield code="8">GEN</subfield>
    <subfield code="a">BC</subfield>
    <subfield code="b">BC</subfield>
    <subfield code="d">2000-10-10</subfield>
    <subfield code="e">Material adquirido por donaci&#xF3;n</subfield>
    <subfield code="i">C658033</subfield>
    <subfield code="l">1</subfield>
    <subfield code="o">515.15 L334cal v1 e35</subfield>
    <subfield code="p">61000003862956</subfield>
    <subfield code="r">2026-03-12 12:01:34</subfield>
    <subfield code="s">2025-03-12</subfield>
    <subfield code="t">8</subfield>
    <subfield code="w">2023-04-20</subfield>
    <subfield code="y">BOOK</subfield>
  </datafield>
  <datafield tag="952" ind1=" " ind2=" ">
    <subfield code="0">0</subfield>
    <subfield code="1">0</subfield>
    <subfield code="4">0</subfield>
    <subfield code="7">0</subfield>
    <subfield code="8">GEN</subfield>
    <subfield code="a">BC</subfield>
    <subfield code="b">BC</subfield>
    <subfield code="d">1998-10-05</subfield>
    <subfield code="i">C7848</subfield>
    <subfield code="l">1</subfield>
    <subfield code="o">515.15 L334cal v1 e9</subfield>
    <subfield code="p">61000000242251</subfield>
    <subfield code="r">2024-11-13 00:00:00</subfield>
    <subfield code="s">2023-10-19</subfield>
    <subfield code="t">9</subfield>
    <subfield code="w">2023-04-20</subfield>
    <subfield code="y">BOOKR</subfield>
  </datafield>
  <datafield tag="952" ind1=" " ind2=" ">
    <subfield code="0">0</subfield>
    <subfield code="1">0</subfield>
    <subfield code="4">0</subfield>
    <subfield code="7">0</subfield>
    <subfield code="8">GEN</subfield>
    <subfield code="a">BC</subfield>
    <subfield code="b">BC</subfield>
    <subfield code="d">2013-06-21</subfield>
    <subfield code="e">Material adquirido por donaci&#xF3;n</subfield>
    <subfield code="g">58000.00</subfield>
    <subfield code="i">C1179194</subfield>
    <subfield code="l">2</subfield>
    <subfield code="m">1</subfield>
    <subfield code="o">515.15 L334cal v1 e 49</subfield>
    <subfield code="p">0978614</subfield>
    <subfield code="r">2026-02-16 13:51:21</subfield>
    <subfield code="s">2025-05-12</subfield>
    <subfield code="t">10</subfield>
    <subfield code="w">2023-04-20</subfield>
    <subfield code="y">BOOK</subfield>
  </datafield>
  <datafield tag="952" ind1=" " ind2=" ">
    <subfield code="0">0</subfield>
    <subfield code="1">0</subfield>
    <subfield code="4">0</subfield>
    <subfield code="7">0</subfield>
    <subfield code="8">GEN</subfield>
    <subfield code="a">BC</subfield>
    <subfield code="b">BC</subfield>
    <subfield code="d">1997-10-15</subfield>
    <subfield code="i">C164435</subfield>
    <subfield code="l">0</subfield>
    <subfield code="o">515.15 L334cal v1 e12</subfield>
    <subfield code="p">61000001784012</subfield>
    <subfield code="r">2023-04-20 00:00:00</subfield>
    <subfield code="t">11</subfield>
    <subfield code="w">2023-04-20</subfield>
    <subfield code="y">BOOK</subfield>
  </datafield>
  <datafield tag="952" ind1=" " ind2=" ">
    <subfield code="0">0</subfield>
    <subfield code="1">0</subfield>
    <subfield code="4">0</subfield>
    <subfield code="7">0</subfield>
    <subfield code="8">GEN</subfield>
    <subfield code="a">BC</subfield>
    <subfield code="b">BC</subfield>
    <subfield code="d">1998-09-23</subfield>
    <subfield code="i">C388908</subfield>
    <subfield code="l">0</subfield>
    <subfield code="o">515.15 L334cal v1 e14</subfield>
    <subfield code="p">61000002934517</subfield>
    <subfield code="r">2025-02-17 13:32:16</subfield>
    <subfield code="t">12</subfield>
    <subfield code="w">2023-04-20</subfield>
    <subfield code="y">BOOK</subfield>
  </datafield>
  <datafield tag="952" ind1=" " ind2=" ">
    <subfield code="0">0</subfield>
    <subfield code="1">0</subfield>
    <subfield code="4">0</subfield>
    <subfield code="7">0</subfield>
    <subfield code="8">GEN</subfield>
    <subfield code="a">BC</subfield>
    <subfield code="b">BC</subfield>
    <subfield code="d">2000-10-03</subfield>
    <subfield code="e">Material adquirido por donaci&#xF3;n</subfield>
    <subfield code="i">C656715</subfield>
    <subfield code="l">0</subfield>
    <subfield code="o">515.15 L334cal v1 e15</subfield>
    <subfield code="p">61000003851884</subfield>
    <subfield code="r">2025-02-18 12:58:52</subfield>
    <subfield code="t">13</subfield>
    <subfield code="w">2023-04-20</subfield>
    <subfield code="y">BOOK</subfield>
  </datafield>
  <datafield tag="952" ind1=" " ind2=" ">
    <subfield code="0">0</subfield>
    <subfield code="1">0</subfield>
    <subfield code="4">0</subfield>
    <subfield code="7">0</subfield>
    <subfield code="8">GEN</subfield>
    <subfield code="a">BC</subfield>
    <subfield code="b">BC</subfield>
    <subfield code="d">2000-10-03</subfield>
    <subfield code="e">Material adquirido por donaci&#xF3;n</subfield>
    <subfield code="i">C656717</subfield>
    <subfield code="l">0</subfield>
    <subfield code="o">515.15 L334cal v1 e16</subfield>
    <subfield code="p">61000003851827</subfield>
    <subfield code="r">2024-11-13 00:00:00</subfield>
    <subfield code="t">14</subfield>
    <subfield code="w">2023-04-20</subfield>
    <subfield code="y">BOOK</subfield>
  </datafield>
  <datafield tag="952" ind1=" " ind2=" ">
    <subfield code="0">0</subfield>
    <subfield code="1">0</subfield>
    <subfield code="4">0</subfield>
    <subfield code="7">0</subfield>
    <subfield code="8">GEN</subfield>
    <subfield code="a">BC</subfield>
    <subfield code="b">BC</subfield>
    <subfield code="d">2000-10-03</subfield>
    <subfield code="e">Material adquirido por donaci&#xF3;n</subfield>
    <subfield code="i">C656719</subfield>
    <subfield code="l">0</subfield>
    <subfield code="o">515.15 L334cal v1 e17</subfield>
    <subfield code="p">61000003851769</subfield>
    <subfield code="r">2024-11-13 00:00:00</subfield>
    <subfield code="t">15</subfield>
    <subfield code="w">2023-04-20</subfield>
    <subfield code="y">BOOK</subfield>
  </datafield>
  <datafield tag="952" ind1=" " ind2=" ">
    <subfield code="0">0</subfield>
    <subfield code="1">0</subfield>
    <subfield code="4">0</subfield>
    <subfield code="7">0</subfield>
    <subfield code="8">GEN</subfield>
    <subfield code="a">BC</subfield>
    <subfield code="b">BC</subfield>
    <subfield code="d">2000-10-03</subfield>
    <subfield code="e">Material adquirido por donaci&#xF3;n</subfield>
    <subfield code="i">C656721</subfield>
    <subfield code="l">0</subfield>
    <subfield code="o">515.15 L334cal v1 e18</subfield>
    <subfield code="p">0718650</subfield>
    <subfield code="r">2025-02-14 13:49:19</subfield>
    <subfield code="t">16</subfield>
    <subfield code="w">2023-04-20</subfield>
    <subfield code="y">BOOK</subfield>
  </datafield>
  <datafield tag="952" ind1=" " ind2=" ">
    <subfield code="0">0</subfield>
    <subfield code="1">0</subfield>
    <subfield code="2">ddc</subfield>
    <subfield code="4">0</subfield>
    <subfield code="7">0</subfield>
    <subfield code="8">GEN</subfield>
    <subfield code="a">BC</subfield>
    <subfield code="b">BC</subfield>
    <subfield code="d">2000-10-03</subfield>
    <subfield code="e">Material adquirido por donaci&#xF3;n</subfield>
    <subfield code="i">C656722</subfield>
    <subfield code="l">1</subfield>
    <subfield code="o">515.15 L334cal v1 e19</subfield>
    <subfield code="p">61000003852353</subfield>
    <subfield code="r">2024-11-13 00:00:00</subfield>
    <subfield code="s">2024-04-09</subfield>
    <subfield code="t">17</subfield>
    <subfield code="w">2023-04-20</subfield>
    <subfield code="y">BOOK</subfield>
  </datafield>
  <datafield tag="952" ind1=" " ind2=" ">
    <subfield code="0">0</subfield>
    <subfield code="1">0</subfield>
    <subfield code="4">0</subfield>
    <subfield code="7">0</subfield>
    <subfield code="8">GEN</subfield>
    <subfield code="a">BC</subfield>
    <subfield code="b">BC</subfield>
    <subfield code="d">2000-10-03</subfield>
    <subfield code="e">Material adquirido por donaci&#xF3;n</subfield>
    <subfield code="i">C656723</subfield>
    <subfield code="l">1</subfield>
    <subfield code="o">515.15 L334cal v1 e20</subfield>
    <subfield code="p">61000003852296</subfield>
    <subfield code="r">2024-11-13 00:00:00</subfield>
    <subfield code="s">2024-02-07</subfield>
    <subfield code="t">18</subfield>
    <subfield code="w">2023-04-20</subfield>
    <subfield code="y">BOOK</subfield>
  </datafield>
  <datafield tag="952" ind1=" " ind2=" ">
    <subfield code="0">0</subfield>
    <subfield code="1">0</subfield>
    <subfield code="4">0</subfield>
    <subfield code="7">0</subfield>
    <subfield code="8">GEN</subfield>
    <subfield code="a">BC</subfield>
    <subfield code="b">BC</subfield>
    <subfield code="d">2000-10-03</subfield>
    <subfield code="e">Material adquirido por donaci&#xF3;n</subfield>
    <subfield code="i">C656724</subfield>
    <subfield code="l">0</subfield>
    <subfield code="o">515.15 L334cal v1 e21</subfield>
    <subfield code="p">61000003852239</subfield>
    <subfield code="r">2024-11-13 00:00:00</subfield>
    <subfield code="t">19</subfield>
    <subfield code="w">2023-04-20</subfield>
    <subfield code="y">BOOK</subfield>
  </datafield>
  <datafield tag="952" ind1=" " ind2=" ">
    <subfield code="0">0</subfield>
    <subfield code="1">0</subfield>
    <subfield code="4">0</subfield>
    <subfield code="7">0</subfield>
    <subfield code="8">GEN</subfield>
    <subfield code="a">BC</subfield>
    <subfield code="b">BC</subfield>
    <subfield code="d">2000-10-03</subfield>
    <subfield code="e">Material adquirido por donaci&#xF3;n</subfield>
    <subfield code="i">C656726</subfield>
    <subfield code="l">0</subfield>
    <subfield code="o">515.15 L334cal v1 e22</subfield>
    <subfield code="p">61000003852171</subfield>
    <subfield code="r">2024-11-13 00:00:00</subfield>
    <subfield code="t">20</subfield>
    <subfield code="w">2023-04-20</subfield>
    <subfield code="y">BOOK</subfield>
  </datafield>
  <datafield tag="952" ind1=" " ind2=" ">
    <subfield code="0">0</subfield>
    <subfield code="1">0</subfield>
    <subfield code="4">0</subfield>
    <subfield code="7">0</subfield>
    <subfield code="8">GEN</subfield>
    <subfield code="a">BC</subfield>
    <subfield code="b">BC</subfield>
    <subfield code="d">2000-10-03</subfield>
    <subfield code="e">Material adquirido por donaci&#xF3;n</subfield>
    <subfield code="i">C656728</subfield>
    <subfield code="l">0</subfield>
    <subfield code="o">515.15 L334cal v1 e23</subfield>
    <subfield code="p">61000003852114</subfield>
    <subfield code="r">2024-11-13 00:00:00</subfield>
    <subfield code="t">21</subfield>
    <subfield code="w">2023-04-20</subfield>
    <subfield code="y">BOOK</subfield>
  </datafield>
  <datafield tag="952" ind1=" " ind2=" ">
    <subfield code="0">0</subfield>
    <subfield code="1">0</subfield>
    <subfield code="4">0</subfield>
    <subfield code="7">0</subfield>
    <subfield code="8">GEN</subfield>
    <subfield code="a">BC</subfield>
    <subfield code="b">BC</subfield>
    <subfield code="d">2000-10-03</subfield>
    <subfield code="e">Material adquirido por donaci&#xF3;n</subfield>
    <subfield code="i">C656746</subfield>
    <subfield code="l">0</subfield>
    <subfield code="o">515.15 L334cal v1 e24</subfield>
    <subfield code="p">0530579</subfield>
    <subfield code="r">2024-11-13 00:00:00</subfield>
    <subfield code="t">22</subfield>
    <subfield code="w">2023-04-20</subfield>
    <subfield code="y">BOOK</subfield>
  </datafield>
  <datafield tag="952" ind1=" " ind2=" ">
    <subfield code="0">0</subfield>
    <subfield code="1">0</subfield>
    <subfield code="2">ddc</subfield>
    <subfield code="4">0</subfield>
    <subfield code="7">0</subfield>
    <subfield code="8">GEN</subfield>
    <subfield code="a">BC</subfield>
    <subfield code="b">BC</subfield>
    <subfield code="d">2026-02-11</subfield>
    <subfield code="e">Material adquirido por donaci&#xF3;n</subfield>
    <subfield code="f">DONA</subfield>
    <subfield code="i">C656747</subfield>
    <subfield code="l">0</subfield>
    <subfield code="o">515.15 L334cal v1 e25</subfield>
    <subfield code="p">01099861</subfield>
    <subfield code="r">2026-03-05 11:57:08</subfield>
    <subfield code="t">23</subfield>
    <subfield code="w">2023-04-20</subfield>
    <subfield code="y">BOOK</subfield>
  </datafield>
  <datafield tag="952" ind1=" " ind2=" ">
    <subfield code="0">0</subfield>
    <subfield code="1">0</subfield>
    <subfield code="4">0</subfield>
    <subfield code="7">0</subfield>
    <subfield code="8">GEN</subfield>
    <subfield code="a">BC</subfield>
    <subfield code="b">BC</subfield>
    <subfield code="d">2000-10-03</subfield>
    <subfield code="e">Material adquirido por donaci&#xF3;n</subfield>
    <subfield code="i">C656749</subfield>
    <subfield code="l">0</subfield>
    <subfield code="o">515.15 L334cal v1 e26</subfield>
    <subfield code="p">61000003851751</subfield>
    <subfield code="r">2025-03-13 20:24:20</subfield>
    <subfield code="t">24</subfield>
    <subfield code="w">2023-04-20</subfield>
    <subfield code="y">BOOK</subfield>
  </datafield>
  <datafield tag="952" ind1=" " ind2=" ">
    <subfield code="0">0</subfield>
    <subfield code="1">0</subfield>
    <subfield code="2">ddc</subfield>
    <subfield code="4">0</subfield>
    <subfield code="7">0</subfield>
    <subfield code="8">GEN</subfield>
    <subfield code="a">BC</subfield>
    <subfield code="b">BC</subfield>
    <subfield code="d">2000-10-03</subfield>
    <subfield code="e">Material adquirido por donaci&#xF3;n</subfield>
    <subfield code="i">C656750</subfield>
    <subfield code="l">0</subfield>
    <subfield code="o">515.15 L334cal v1 e27</subfield>
    <subfield code="p">61000003851694</subfield>
    <subfield code="r">2024-11-13 00:00:00</subfield>
    <subfield code="t">25</subfield>
    <subfield code="w">2023-04-20</subfield>
    <subfield code="y">BOOK</subfield>
  </datafield>
  <datafield tag="952" ind1=" " ind2=" ">
    <subfield code="0">0</subfield>
    <subfield code="1">0</subfield>
    <subfield code="2">ddc</subfield>
    <subfield code="4">0</subfield>
    <subfield code="7">0</subfield>
    <subfield code="8">GEN</subfield>
    <subfield code="a">BC</subfield>
    <subfield code="b">BC</subfield>
    <subfield code="d">2000-10-10</subfield>
    <subfield code="e">Material adquirido por donaci&#xF3;n</subfield>
    <subfield code="i">C658027</subfield>
    <subfield code="l">0</subfield>
    <subfield code="o">515.15 L334cal v1 e29</subfield>
    <subfield code="p">61000003863004</subfield>
    <subfield code="r">2024-11-13 00:00:00</subfield>
    <subfield code="t">26</subfield>
    <subfield code="w">2023-04-20</subfield>
    <subfield code="y">BOOK</subfield>
  </datafield>
  <datafield tag="952" ind1=" " ind2=" ">
    <subfield code="0">0</subfield>
    <subfield code="1">0</subfield>
    <subfield code="4">0</subfield>
    <subfield code="7">0</subfield>
    <subfield code="8">GEN</subfield>
    <subfield code="a">BC</subfield>
    <subfield code="b">BC</subfield>
    <subfield code="d">2000-10-10</subfield>
    <subfield code="e">Material adquirido por donaci&#xF3;n</subfield>
    <subfield code="i">C658028</subfield>
    <subfield code="l">0</subfield>
    <subfield code="o">515.15 L334cal v1 e30</subfield>
    <subfield code="p">61000003863079</subfield>
    <subfield code="r">2024-11-13 00:00:00</subfield>
    <subfield code="t">27</subfield>
    <subfield code="w">2023-04-20</subfield>
    <subfield code="y">BOOK</subfield>
  </datafield>
  <datafield tag="952" ind1=" " ind2=" ">
    <subfield code="0">0</subfield>
    <subfield code="1">0</subfield>
    <subfield code="4">0</subfield>
    <subfield code="7">0</subfield>
    <subfield code="8">GEN</subfield>
    <subfield code="a">BC</subfield>
    <subfield code="b">BC</subfield>
    <subfield code="d">2000-10-10</subfield>
    <subfield code="e">Material adquirido por donaci&#xF3;n</subfield>
    <subfield code="i">C658029</subfield>
    <subfield code="l">0</subfield>
    <subfield code="o">515.15 L334cal v1 e31</subfield>
    <subfield code="p">61000003863087</subfield>
    <subfield code="r">2024-11-13 00:00:00</subfield>
    <subfield code="t">28</subfield>
    <subfield code="w">2023-04-20</subfield>
    <subfield code="y">BOOK</subfield>
  </datafield>
  <datafield tag="952" ind1=" " ind2=" ">
    <subfield code="0">0</subfield>
    <subfield code="1">0</subfield>
    <subfield code="4">0</subfield>
    <subfield code="7">0</subfield>
    <subfield code="8">GEN</subfield>
    <subfield code="a">BC</subfield>
    <subfield code="b">BC</subfield>
    <subfield code="d">2000-10-10</subfield>
    <subfield code="e">Material adquirido por donaci&#xF3;n</subfield>
    <subfield code="i">C658030</subfield>
    <subfield code="l">0</subfield>
    <subfield code="o">515.15 L334cal v1 e32</subfield>
    <subfield code="p">61000003863012</subfield>
    <subfield code="r">2023-04-20 00:00:00</subfield>
    <subfield code="t">29</subfield>
    <subfield code="w">2023-04-20</subfield>
    <subfield code="y">BOOK</subfield>
  </datafield>
  <datafield tag="952" ind1=" " ind2=" ">
    <subfield code="0">0</subfield>
    <subfield code="1">0</subfield>
    <subfield code="4">0</subfield>
    <subfield code="7">0</subfield>
    <subfield code="8">GEN</subfield>
    <subfield code="a">BC</subfield>
    <subfield code="b">BC</subfield>
    <subfield code="d">2000-10-10</subfield>
    <subfield code="e">Material adquirido por donaci&#xF3;n</subfield>
    <subfield code="i">C658031</subfield>
    <subfield code="l">5</subfield>
    <subfield code="o">515.15 L334cal v1 e33</subfield>
    <subfield code="p">61000005041900</subfield>
    <subfield code="q">2026-04-16</subfield>
    <subfield code="r">2026-03-12 17:27:31</subfield>
    <subfield code="s">2026-03-12</subfield>
    <subfield code="t">30</subfield>
    <subfield code="w">2023-04-20</subfield>
    <subfield code="y">BOOK</subfield>
  </datafield>
  <datafield tag="952" ind1=" " ind2=" ">
    <subfield code="0">0</subfield>
    <subfield code="1">0</subfield>
    <subfield code="4">0</subfield>
    <subfield code="7">0</subfield>
    <subfield code="8">GEN</subfield>
    <subfield code="a">BC</subfield>
    <subfield code="b">BC</subfield>
    <subfield code="d">2000-10-10</subfield>
    <subfield code="e">Material adquirido por donaci&#xF3;n</subfield>
    <subfield code="i">C658032</subfield>
    <subfield code="l">0</subfield>
    <subfield code="o">515.15 L334cal v1 e34</subfield>
    <subfield code="p">61000003863020</subfield>
    <subfield code="r">2024-11-13 00:00:00</subfield>
    <subfield code="t">31</subfield>
    <subfield code="w">2023-04-20</subfield>
    <subfield code="y">BOOK</subfield>
  </datafield>
  <datafield tag="952" ind1=" " ind2=" ">
    <subfield code="0">0</subfield>
    <subfield code="1">0</subfield>
    <subfield code="4">0</subfield>
    <subfield code="7">0</subfield>
    <subfield code="8">GEN</subfield>
    <subfield code="a">BC</subfield>
    <subfield code="b">BC</subfield>
    <subfield code="d">2000-10-10</subfield>
    <subfield code="e">Material adquirido por donaci&#xF3;n</subfield>
    <subfield code="i">C658034</subfield>
    <subfield code="l">0</subfield>
    <subfield code="o">515.15 L334cal v1 e36</subfield>
    <subfield code="p">61000003862964</subfield>
    <subfield code="r">2024-11-13 00:00:00</subfield>
    <subfield code="t">32</subfield>
    <subfield code="w">2023-04-20</subfield>
    <subfield code="y">BOOK</subfield>
  </datafield>
  <datafield tag="952" ind1=" " ind2=" ">
    <subfield code="0">0</subfield>
    <subfield code="1">0</subfield>
    <subfield code="4">0</subfield>
    <subfield code="7">0</subfield>
    <subfield code="8">GEN</subfield>
    <subfield code="a">BC</subfield>
    <subfield code="b">BC</subfield>
    <subfield code="d">2000-10-10</subfield>
    <subfield code="e">Material adquirido por donaci&#xF3;n</subfield>
    <subfield code="i">C658035</subfield>
    <subfield code="l">0</subfield>
    <subfield code="o">515.15 L334cal v1 e37</subfield>
    <subfield code="p">61000003862816</subfield>
    <subfield code="r">2023-04-20 00:00:00</subfield>
    <subfield code="t">33</subfield>
    <subfield code="w">2023-04-20</subfield>
    <subfield code="y">BOOK</subfield>
  </datafield>
  <datafield tag="952" ind1=" " ind2=" ">
    <subfield code="0">0</subfield>
    <subfield code="1">0</subfield>
    <subfield code="4">0</subfield>
    <subfield code="7">0</subfield>
    <subfield code="8">GEN</subfield>
    <subfield code="a">BC</subfield>
    <subfield code="b">BC</subfield>
    <subfield code="d">2000-10-10</subfield>
    <subfield code="e">Material adquirido por donaci&#xF3;n</subfield>
    <subfield code="i">C658036</subfield>
    <subfield code="l">4</subfield>
    <subfield code="o">515.15 L334cal v1 e38</subfield>
    <subfield code="p">61000003862758</subfield>
    <subfield code="r">2026-05-07 10:17:18</subfield>
    <subfield code="s">2026-02-27</subfield>
    <subfield code="t">34</subfield>
    <subfield code="w">2023-04-20</subfield>
    <subfield code="y">BOOK</subfield>
  </datafield>
  <datafield tag="952" ind1=" " ind2=" ">
    <subfield code="0">0</subfield>
    <subfield code="1">0</subfield>
    <subfield code="4">0</subfield>
    <subfield code="7">0</subfield>
    <subfield code="8">GEN</subfield>
    <subfield code="a">BC</subfield>
    <subfield code="b">BC</subfield>
    <subfield code="d">2000-10-13</subfield>
    <subfield code="e">Material adquirido por donaci&#xF3;n</subfield>
    <subfield code="i">C658721</subfield>
    <subfield code="l">0</subfield>
    <subfield code="o">515.15 L334cal v1 e39</subfield>
    <subfield code="p">61000003864333</subfield>
    <subfield code="r">2024-11-13 00:00:00</subfield>
    <subfield code="t">35</subfield>
    <subfield code="w">2023-04-20</subfield>
    <subfield code="y">BOOK</subfield>
  </datafield>
  <datafield tag="952" ind1=" " ind2=" ">
    <subfield code="0">0</subfield>
    <subfield code="1">0</subfield>
    <subfield code="2">ddc</subfield>
    <subfield code="4">0</subfield>
    <subfield code="7">0</subfield>
    <subfield code="8">GEN</subfield>
    <subfield code="a">BC</subfield>
    <subfield code="b">BC</subfield>
    <subfield code="d">2000-10-13</subfield>
    <subfield code="e">Material adquirido por donaci&#xF3;n</subfield>
    <subfield code="i">C658724</subfield>
    <subfield code="l">1</subfield>
    <subfield code="o">515.15 L334cal v1 e41</subfield>
    <subfield code="p">61000003864580</subfield>
    <subfield code="r">2025-03-04 19:59:35</subfield>
    <subfield code="s">2023-08-11</subfield>
    <subfield code="t">36</subfield>
    <subfield code="w">2023-04-20</subfield>
    <subfield code="y">BOOK</subfield>
  </datafield>
  <datafield tag="952" ind1=" " ind2=" ">
    <subfield code="0">0</subfield>
    <subfield code="1">0</subfield>
    <subfield code="4">0</subfield>
    <subfield code="7">0</subfield>
    <subfield code="8">GEN</subfield>
    <subfield code="a">BC</subfield>
    <subfield code="b">BC</subfield>
    <subfield code="d">2000-10-19</subfield>
    <subfield code="e">Material adquirido por donaci&#xF3;n</subfield>
    <subfield code="i">C659415</subfield>
    <subfield code="l">0</subfield>
    <subfield code="o">515.15 L334cal v1 e42</subfield>
    <subfield code="p">61000003866510</subfield>
    <subfield code="r">2026-04-16 15:52:09</subfield>
    <subfield code="t">37</subfield>
    <subfield code="w">2023-04-20</subfield>
    <subfield code="y">BOOK</subfield>
  </datafield>
  <datafield tag="952" ind1=" " ind2=" ">
    <subfield code="0">0</subfield>
    <subfield code="1">0</subfield>
    <subfield code="4">0</subfield>
    <subfield code="7">0</subfield>
    <subfield code="8">GEN</subfield>
    <subfield code="a">BC</subfield>
    <subfield code="b">BC</subfield>
    <subfield code="d">2000-10-19</subfield>
    <subfield code="e">Material adquirido por donaci&#xF3;n</subfield>
    <subfield code="i">C659416</subfield>
    <subfield code="l">2</subfield>
    <subfield code="o">515.15 L334cal v1 e43</subfield>
    <subfield code="p">0567791</subfield>
    <subfield code="r">2025-05-02 16:43:31</subfield>
    <subfield code="s">2025-03-26</subfield>
    <subfield code="t">38</subfield>
    <subfield code="w">2023-04-20</subfield>
    <subfield code="y">BOOK</subfield>
  </datafield>
  <datafield tag="952" ind1=" " ind2=" ">
    <subfield code="0">0</subfield>
    <subfield code="1">0</subfield>
    <subfield code="2">ddc</subfield>
    <subfield code="4">0</subfield>
    <subfield code="7">0</subfield>
    <subfield code="8">GEN</subfield>
    <subfield code="a">BC</subfield>
    <subfield code="b">BC</subfield>
    <subfield code="d">2000-10-19</subfield>
    <subfield code="e">Material adquirido por donaci&#xF3;n</subfield>
    <subfield code="i">C659417</subfield>
    <subfield code="l">1</subfield>
    <subfield code="o">515.15 L334cal v1 e44</subfield>
    <subfield code="p">61000003866700</subfield>
    <subfield code="r">2026-04-29 19:07:33</subfield>
    <subfield code="s">2026-02-27</subfield>
    <subfield code="t">39</subfield>
    <subfield code="w">2023-04-20</subfield>
    <subfield code="y">BOOK</subfield>
  </datafield>
  <datafield tag="952" ind1=" " ind2=" ">
    <subfield code="0">0</subfield>
    <subfield code="1">0</subfield>
    <subfield code="2">ddc</subfield>
    <subfield code="4">0</subfield>
    <subfield code="7">0</subfield>
    <subfield code="8">GEN</subfield>
    <subfield code="a">BC</subfield>
    <subfield code="b">BC</subfield>
    <subfield code="d">2000-10-19</subfield>
    <subfield code="e">Material adquirido por donaci&#xF3;n</subfield>
    <subfield code="i">C659418</subfield>
    <subfield code="l">0</subfield>
    <subfield code="o">515.15 L334cal v1 e45</subfield>
    <subfield code="p">61000003866643</subfield>
    <subfield code="r">2026-04-06 15:40:50</subfield>
    <subfield code="t">40</subfield>
    <subfield code="w">2023-04-20</subfield>
    <subfield code="y">BOOK</subfield>
  </datafield>
  <datafield tag="952" ind1=" " ind2=" ">
    <subfield code="0">0</subfield>
    <subfield code="1">0</subfield>
    <subfield code="4">0</subfield>
    <subfield code="7">0</subfield>
    <subfield code="8">GEN</subfield>
    <subfield code="a">BC</subfield>
    <subfield code="b">BC</subfield>
    <subfield code="d">2000-10-19</subfield>
    <subfield code="e">Material adquirido por donaci&#xF3;n</subfield>
    <subfield code="i">C659419</subfield>
    <subfield code="l">1</subfield>
    <subfield code="o">515.15 L334cal v1 e46</subfield>
    <subfield code="p">61000003866585</subfield>
    <subfield code="r">2025-09-16 16:27:59</subfield>
    <subfield code="s">2025-08-20</subfield>
    <subfield code="t">41</subfield>
    <subfield code="w">2023-04-20</subfield>
    <subfield code="y">BOOK</subfield>
  </datafield>
  <datafield tag="952" ind1=" " ind2=" ">
    <subfield code="0">0</subfield>
    <subfield code="1">0</subfield>
    <subfield code="2">ddc</subfield>
    <subfield code="4">0</subfield>
    <subfield code="7">0</subfield>
    <subfield code="8">GEN</subfield>
    <subfield code="a">BC</subfield>
    <subfield code="b">BC</subfield>
    <subfield code="d">2000-10-19</subfield>
    <subfield code="e">Material adquirido por donaci&#xF3;n</subfield>
    <subfield code="i">C659420</subfield>
    <subfield code="l">2</subfield>
    <subfield code="m">1</subfield>
    <subfield code="o">515.15 L334cal v1 e47</subfield>
    <subfield code="p">61000003866528</subfield>
    <subfield code="r">2025-11-28 12:20:35</subfield>
    <subfield code="s">2025-08-30</subfield>
    <subfield code="t">42</subfield>
    <subfield code="w">2023-04-20</subfield>
    <subfield code="y">BOOK</subfield>
  </datafield>
  <datafield tag="952" ind1=" " ind2=" ">
    <subfield code="0">0</subfield>
    <subfield code="1">0</subfield>
    <subfield code="4">0</subfield>
    <subfield code="7">0</subfield>
    <subfield code="8">GEN</subfield>
    <subfield code="a">BC</subfield>
    <subfield code="b">BC</subfield>
    <subfield code="d">2000-10-19</subfield>
    <subfield code="e">Material adquirido por donaci&#xF3;n</subfield>
    <subfield code="g">65000.00</subfield>
    <subfield code="i">C659421</subfield>
    <subfield code="l">8</subfield>
    <subfield code="m">1</subfield>
    <subfield code="o">515.15 L334cal v1 e48</subfield>
    <subfield code="p">1021430</subfield>
    <subfield code="r">2026-05-12 11:57:24</subfield>
    <subfield code="s">2026-02-13</subfield>
    <subfield code="t">43</subfield>
    <subfield code="w">2023-04-20</subfield>
    <subfield code="y">BOOK</subfield>
  </datafield>
  <datafield tag="952" ind1=" " ind2=" ">
    <subfield code="0">0</subfield>
    <subfield code="1">0</subfield>
    <subfield code="4">0</subfield>
    <subfield code="7">0</subfield>
    <subfield code="8">GEN</subfield>
    <subfield code="a">BC</subfield>
    <subfield code="b">BC</subfield>
    <subfield code="d">2003-08-12</subfield>
    <subfield code="i">C800654</subfield>
    <subfield code="l">0</subfield>
    <subfield code="o">515.15 L334caL v1 e50</subfield>
    <subfield code="p">61000004998083</subfield>
    <subfield code="r">2026-02-17 15:12:44</subfield>
    <subfield code="t">44</subfield>
    <subfield code="w">2023-04-20</subfield>
    <subfield code="y">BOOK</subfield>
  </datafield>
  <datafield tag="952" ind1=" " ind2=" ">
    <subfield code="0">0</subfield>
    <subfield code="1">0</subfield>
    <subfield code="4">0</subfield>
    <subfield code="7">0</subfield>
    <subfield code="8">GEN</subfield>
    <subfield code="a">BC</subfield>
    <subfield code="b">BC</subfield>
    <subfield code="d">2004-09-23</subfield>
    <subfield code="e">Material pagado con consignaci&#xF3;n</subfield>
    <subfield code="i">C839623</subfield>
    <subfield code="l">0</subfield>
    <subfield code="o">515.15 L334cal v1 e10</subfield>
    <subfield code="p">0545111</subfield>
    <subfield code="r">2024-11-13 00:00:00</subfield>
    <subfield code="t">45</subfield>
    <subfield code="w">2023-04-20</subfield>
    <subfield code="y">BOOKR</subfield>
  </datafield>
  <datafield tag="952" ind1=" " ind2=" ">
    <subfield code="0">0</subfield>
    <subfield code="1">0</subfield>
    <subfield code="4">0</subfield>
    <subfield code="7">0</subfield>
    <subfield code="8">GEN</subfield>
    <subfield code="a">BC</subfield>
    <subfield code="b">BC</subfield>
    <subfield code="d">2008-04-04</subfield>
    <subfield code="e">Material adquirido por donaci&#xF3;n</subfield>
    <subfield code="i">C995009</subfield>
    <subfield code="l">0</subfield>
    <subfield code="o">515.15 L334cal v1 e2</subfield>
    <subfield code="p">61000003860612</subfield>
    <subfield code="r">2024-11-13 00:00:00</subfield>
    <subfield code="t">46</subfield>
    <subfield code="w">2023-04-20</subfield>
    <subfield code="y">BOOK</subfield>
  </datafield>
  <datafield tag="952" ind1=" " ind2=" ">
    <subfield code="0">0</subfield>
    <subfield code="1">0</subfield>
    <subfield code="2">ddc</subfield>
    <subfield code="4">0</subfield>
    <subfield code="7">0</subfield>
    <subfield code="8">GENERAL</subfield>
    <subfield code="a">CARME</subfield>
    <subfield code="b">CARME</subfield>
    <subfield code="d">2016-08-23</subfield>
    <subfield code="e">Material adquirido por donaci&#xF3;n</subfield>
    <subfield code="f">DONA</subfield>
    <subfield code="g">55000.00</subfield>
    <subfield code="i">C1249823</subfield>
    <subfield code="l">2</subfield>
    <subfield code="o">515.15 L334cal v1</subfield>
    <subfield code="p">01008367</subfield>
    <subfield code="r">2025-10-01 11:04:50</subfield>
    <subfield code="s">2025-08-28</subfield>
    <subfield code="t">48</subfield>
    <subfield code="w">2023-04-20</subfield>
    <subfield code="y">BOOK</subfield>
  </datafield>
  <datafield tag="952" ind1=" " ind2=" ">
    <subfield code="0">0</subfield>
    <subfield code="1">0</subfield>
    <subfield code="2">ddc</subfield>
    <subfield code="4">0</subfield>
    <subfield code="7">0</subfield>
    <subfield code="8">GENERAL</subfield>
    <subfield code="a">CARME</subfield>
    <subfield code="b">CARME</subfield>
    <subfield code="d">2019-08-16</subfield>
    <subfield code="e">Material adquirido por donaci&#xF3;n</subfield>
    <subfield code="f">DONA</subfield>
    <subfield code="g">30000.00</subfield>
    <subfield code="i">C1318792</subfield>
    <subfield code="l">2</subfield>
    <subfield code="o">515.15 L334cal v1 e2</subfield>
    <subfield code="p">01050645</subfield>
    <subfield code="r">2025-01-28 00:00:00</subfield>
    <subfield code="s">2024-03-05</subfield>
    <subfield code="t">49</subfield>
    <subfield code="w">2023-04-20</subfield>
    <subfield code="y">BOOK</subfield>
  </datafield>
  <datafield tag="952" ind1=" " ind2=" ">
    <subfield code="0">0</subfield>
    <subfield code="1">0</subfield>
    <subfield code="4">0</subfield>
    <subfield code="7">0</subfield>
    <subfield code="8">GENERAL</subfield>
    <subfield code="a">BNORD</subfield>
    <subfield code="b">BNORD</subfield>
    <subfield code="d">2020-02-14</subfield>
    <subfield code="e">Material adquirido por donaci&#xF3;n</subfield>
    <subfield code="g">30000.00</subfield>
    <subfield code="i">C1326868</subfield>
    <subfield code="l">3</subfield>
    <subfield code="o">515.15 L334cal v1</subfield>
    <subfield code="p">01087964</subfield>
    <subfield code="r">2024-11-16 00:00:00</subfield>
    <subfield code="s">2024-10-15</subfield>
    <subfield code="t">50</subfield>
    <subfield code="w">2023-04-20</subfield>
    <subfield code="y">BOOK</subfield>
  </datafield>
  <datafield tag="952" ind1=" " ind2=" ">
    <subfield code="0">0</subfield>
    <subfield code="1">0</subfield>
    <subfield code="4">0</subfield>
    <subfield code="7">0</subfield>
    <subfield code="8">GENERAL</subfield>
    <subfield code="a">BAPAR</subfield>
    <subfield code="b">BAPAR</subfield>
    <subfield code="d">2022-11-08</subfield>
    <subfield code="e">Material adquirido por donaci&#xF3;n</subfield>
    <subfield code="g">30000.00</subfield>
    <subfield code="i">C13328635</subfield>
    <subfield code="l">1</subfield>
    <subfield code="o">515.15 L334cal v1</subfield>
    <subfield code="p">01095219</subfield>
    <subfield code="r">2024-12-18 00:00:00</subfield>
    <subfield code="s">2023-09-27</subfield>
    <subfield code="t">51</subfield>
    <subfield code="w">2023-04-20</subfield>
    <subfield code="y">BOOK</subfield>
  </datafield>
</record>
